Datum a čas kvízu

38.5 Celkem bodů Celkový počet nahraných bodů na tomto kvízu bez doplňovacích otázek.
4. Pořadí na kvízu Konečné umístění týmu na tomto kvízu.

Zaznamenané odpovědi

# Otázka Odpověď Body Výsledky
1. Na domě v Praze nedaleko Vyšeh... Šemík Happy End 1
2. Minulý týden jsme se dozvěděli... C 1
3. V centru které evropské metrop... v centru Říma 1
4. Ke 100. výročí založení Národn... guvernér ČNB; Aleš Michl 1
5. V sobotu byly vyhlášeny výsled... Jan Štefela 0
6. První novodobé hry se konaly v... C 1
7. U maratonu ještě zůstaneme. Me... Etiopii, běžel bosky 1
8. V roce 1976 v Montrealu k finá... 14 let (13 nebo 15 let za půl bodu) 1
9. Nyní se přeneseme na olympijsk... Kateřina Kůrková, Matthew Emmons 1
10. Na závěr postupně uslyšíte tři... 3, 2, 1 0